书目信息 |
| 题名: |
快速富里叶变换
|
|
| 作者: | Brigham , 布赖姆 著 ;柳群 译 | |
| 分册: | ||
| 出版信息: | 上海 上海科学技术出版社 1979 |
|
| 页数: | 284页 | |
| 开本: | 19cm | |
| 丛书名: | ||
| 单 册: | ||
| 中图分类: | O174.22 | |
| 科图分类: | ||
| 主题词: | 傅里叶变换 | |
| 电子资源: | ||
| ISBN: | ||
| 000 | 00774nam0 2200265 45 | |
| 001 | 0179002012 | |
| 005 | 20060819110410.07 | |
| 010 | @dCNY0.87 | |
| 091 | @aCN@b13119.753 | |
| 100 | @a19950725d1979 em y0chiy0121 ea | |
| 101 | 1 | @achi@ceng |
| 102 | @aCN@b310000 | |
| 105 | @ay z 000yy | |
| 200 | 10 | @a快速富里叶变换@Akuai su fu li ye bian huan@f(美)布赖姆(E.O.Brigham)著@g柳群译 |
| 210 | @a上海@c上海科学技术出版社@d1979 | |
| 215 | @a284页@d19cm | |
| 300 | @a书名原文:The fast Fourier transform | |
| 510 | 1 | @aThe fast Fourier transform@zeng |
| 606 | @a傅里叶变换 | |
| 690 | @aO174.22@v3 | |
| 701 | A1 | @aBrigham@bE.O.@4著 |
| 701 | 1 | @a布赖姆@Abu lai mu@bE.O.@4著 |
| 702 | 0 | @a柳群@Aliu qun@4译 |
| 801 | 0 | @aCN@bTSSF@c20060819 |
| 905 | @a10447@dO174.22@e163 | |
| 快速富里叶变换/(美)布赖姆(E.O.Brigham)著/柳群译.-上海:上海科学技术出版社,1979 |
| 284页;19cm |
| 书名原文:The fast Fourier transform |
| ISBN :CNY0.87 |
| ● |
| 相关链接 |
|
|
|
|
正题名:快速富里叶变换
索取号:O174.22/163
 
预约/预借
| 序号 | 登录号 | 条形码 | 馆藏地/架位号 | 状态 | 备注 |
| 1 | 0442569 | 204425693 | 密集书库/ [索取号:O174.22/163] | 在馆 | |
| 2 | 0462077 | 204620776 | 密集书库/ [索取号:O174.22/163] | 在馆 | |
| 3 | 0468881 | 204688819 | 密集书库/ [索取号:O174.22/163] | 在馆 |